| 000 | 00000nam##2200000za#4500 |
| 001 | 9.581179 |
| 003 | CaOODSP |
| 005 | 20210624191408 |
| 007 | cr ||||||||||| |
| 008 | 150406|2004||||xxc|||||o f|0| 0 eng|d |
| 040 | |aCaOODSP|beng |
| 043 | |an-cn--- |
| 086 | 1 |aNH18-22/104-126E-PDF |
| 110 | 2 |aCanada Mortgage and Housing Corporation. |
| 245 | 10|aUpdate of roof truss designs with nailing schedules |h[electronic resource] |
| 250 | |aRevised 2010 |
| 260 | |aOttawa - Ontario : |bCanada Mortgage and Housing Corporation |cc2004, 2010. |
| 300 | |a4p. |
| 490 | 1 |aResearch highlight. Technical series |v04-126 |
| 500 | |aFile reproduced from original print. |
| 590 | |a14-20-Supp|b2014-11-25 |
| 775 | 08|tMise à jour, fermes de toit et tableaux de clouage |w(CaOODSP)9.608026 |
| 776 | 0#|tUpdate of roof truss designs with nailing schedules |w(CaOODSP)9.617238 |
| 830 | #0|aResearch highlight. Technical series ;|v04-126|w(CaOODSP)9.504482 |
| 856 | 40|ahttp://publications.gc.ca|qPDF|s842 KB|uhttps://publications.gc.ca/collections/collection_2014/schl-cmhc/NH18-22-104-126-eng.pdf|y04-126 |